header

Engineering solutions for sustainability (Record no. 114380)

MARC details
000 -LEADER
fixed length control field 01305nam a2200265 a 4500
245 00 - TITLE STATEMENT
Title Engineering solutions for sustainability
260 ## - PUBLICATION, DISTRIBUTION, ETC. (IMPRINT)
Place of publication Hoboken, N.J. :
Name of publisher Minerals, Metals & Materials Society :
-- John Wiley & Sons, Inc.,
Year of publication 2012.
300 ## - PHYSICAL DESCRIPTION
Number of Pages x, 78 p. :
Other physical details ill., map.
650 #0 - SUBJECT ADDED ENTRY--TOPICAL TERM
Topical Term Sustainable engineering.
Topical Term Environmental engineering.
856 40 - ELECTRONIC LOCATION AND ACCESS
Uniform Resource Identifier http://site.ebrary.com/lib/rucke/Doc?id=10504165

No items available.

© 2026 Rongo University
Contact us: librarian | system librarian | Rongo university